Daño psicológico y el argumento a favor de las alternativas /

Gorde:
Xehetasun bibliografikoak
Egile nagusia: Cleveland, Janet
Formatua: Texto
Etiketak: Etiketa erantsi
Etiketarik gabe, Izan zaitez lehena erregistro honi etiketa jartzen!

MARC

LEADER 00000 a a2200000 04500
001 47639
003
040
100 |a Cleveland, Janet  
245 |a Daño psicológico y el argumento a favor de las alternativas /  |c Janet Cleveland  
773 |g número44, (2013), páginas 7-8  
999 |c 31738  |d 31738